| 000 | 01868nam a2200301 a 4500 | ||
|---|---|---|---|
| 008 | 120924s2010 ||||||||||||||||| || u | ||
| 020 | _a9780702032288 | ||
| 050 | _aRT 69 Wau | ||
| 100 | _aAllison, Grant | ||
| 245 | 1 | 0 |
_aRoss and Wilson anatomy and physiology in health and illness. -- 11th ed. _cby Anne Waught and Allison Grant |
| 250 | _a11th ed. | ||
| 260 |
_aLondon: _bElsevier _c2010 |
||
| 300 | _axii, 495p.: ill. | ||
| 350 | _a59.95 | ||
| 650 | 3 | _aANATOMY | |
| 650 | 0 | _aHUMAN ANATOMY | |
| 650 | _aNURSING--HANDBOOKS, MANUALS, ETC | ||
| 650 | 0 | _aPATHOLOGY | |
| 650 | 0 | _aHUMAN PHYSIOLOGY | |
| 700 | _aWaugh, Anne | ||
| 995 |
_aMEDICAL LIBRARY OPEN ACCESS _e902304 _FCBU-SCHOOL OF MEDICINE LIBRARY (Ndola) _jRT 69 Wau _M3 _UAVAILABLE _WAug 22, 2013 _y902304 _ZMedical Library Open Access Collection |
||
| 995 |
_aMAIN LIBRARY OPEN ACCESS _e743377 _FCBU-MAIN LIBRARY (Kitwe) _jRT 69 Wau _M2 _UAVAILABLE _WOct 5, 2012 _y743377 _ZMain Library Open Access Collection |
||
| 995 |
_aMEDICAL LIBRARY OPEN ACCESS _e902642 _FCBU-SCHOOL OF MEDICINE LIBRARY (Ndola) _I59.95 _jRT 69 Wau _M4 _UAVAILABLE _WFeb 17, 2015 _y902642 _ZMedical Library Open Access Collection |
||
| 995 |
_aMEDICAL LIBRARY OPEN ACCESS _e902645 _FCBU-SCHOOL OF MEDICINE LIBRARY (Ndola) _I59.95 _jRT 69 Wau _M7 _UAVAILABLE _WFeb 17, 2015 _y902645 _ZMedical Library Open Access Collection |
||
| 995 |
_aMEDICAL LIBRARY OPEN ACCESS _e902643 _FCBU-SCHOOL OF MEDICINE LIBRARY (Ndola) _I59.95 _jRT 69 Wau _M5 _UAVAILABLE _WFeb 17, 2015 _y902643 _ZMedical Library Open Access Collection |
||
| 995 |
_aMAIN LIBRARY OPEN ACCESS _e743376 _FCBU-MAIN LIBRARY (Kitwe) _jRT 69 Wau _M1 _UAVAILABLE _WOct 5, 2012 _y743376 _ZMain Library Open Access Collection |
||
| 995 |
_aMEDICAL LIBRARY OPEN ACCESS _e902644 _FCBU-SCHOOL OF MEDICINE LIBRARY (Ndola) _I59.95 _jRT 69 Wau _M6 _UAVAILABLE _WFeb 17, 2015 _y902644 _ZMedical Library Open Access Collection |
||
| 999 |
_c80260 _d80260 |
||